|
|
|
|
| LEADER |
01349cam a22003017i 4500 |
| 001 |
15266390 |
| 005 |
20210117210154.0 |
| 008 |
080418s2008 -us f b 001 0 eng d |
| 010 |
|
|
|a 2008017556
|
| 020 |
|
|
|a 9780262062671
|q (hardcover : alk. paper)
|
| 020 |
|
|
|a 0262062674
|q (hardcover : alk. paper)
|
| 020 |
|
|
|a 9780262562317
|q (pbk. : alk. paper)
|
| 020 |
|
|
|a 0262562316
|q (pbk. : alk. paper)
|
| 040 |
|
|
|a DLC
|b gre
|c DLC
|d BTCTA
|d BAKER
|d YDXCP
|d OCLCG
|d UKM
|d C#P
|d BWX
|d DLC
|d GR-PaULI
|e AACR2
|
| 082 |
0 |
0 |
|a 155.2
|2 22
|
| 245 |
0 |
0 |
|a Psychological agency :
|b theory, practice, and culture /
|c edited by Roger Frie.
|
| 260 |
|
|
|a Cambridge, Mass. :
|b MIT Press,
|c c2008.
|
| 300 |
|
|
|a ix, 261 σ. ;
|c 23 εκ.
|
| 500 |
|
|
|a "A Bradford book."
|
| 504 |
|
|
|a Περιλαμβάνει βιβλιογραφία και ευρετήριο.
|
| 650 |
0 |
4 |
|a Εαυτός
|9 75563
|
| 650 |
0 |
4 |
|9 90424
|a Υποκείμενο (Φιλοσοφία)
|
| 700 |
1 |
|
|a Frie, Roger,
|d 1956-
|9 156332
|e επιμελητής
|
| 856 |
4 |
1 |
|3 Table of contents only
|u http://www.loc.gov/catdir/toc/fy0904/2008017556.html
|
| 942 |
|
|
|2 ddc
|c BK15
|
| 952 |
|
|
|0 0
|1 0
|2 ddc
|4 0
|6 155_200000000000000_PSY
|7 0
|9 204713
|a PHIL
|b PHIL
|d 2016-08-29
|i 11420
|l 0
|o 155.2 PSY
|p 025000188672
|r 2016-08-29 00:00:00
|t 1
|v 2016.00
|w 2016-08-29
|y BK15
|
| 998 |
|
|
|c ΚΑΝΕΛΛΟΠΟΥΛΟΥ
|d 2016-08
|
| 999 |
|
|
|c 124578
|d 124578
|